Responses for Show #6848 - Wednesday, May 28, 2014

Julia Collins game 18.

Contestants

[<< previous game]

Maggie Davis, a violin and viola teacher from Indianapolis, Indiana

Manuel Bermúdez, a legal assistant originally from Modesto, California

Julia Collins, a supply chain professional from Kenilworth, Illinois (whose 17-day cash winnings total $372,700)

[next game >>]

Jeopardy! Round responses

PIN THE TALE ON THE DONKEY
DOUBLE DOUBLE VOWELS
(Alex: In each correct response.)
OOO, SORRY
(Alex: I did that so well.)
ASIAN HISTORY
GROUPIES
WE'RE WITH "THE" BAND
(Alex: And notice "The" in quotation marks; that's comin' up in each correct response.)
    $200 26
Animal Farm

Maggie
    $200 18
a sweet tooth

Julia
    $200 13
Yom Kippur

Manuel
    $200 8
the Ottoman Empire

Maggie
    $200 6
the G20

Triple Stumper
    $200 1
The Doors

Julia
    $400 27
Pinocchio

Julia
    $400 19
a whoopee cushion

Julia
    $400 14
Jane Fonda

Maggie
    $400 9
Phnom Penh

Julia
    $400 7
(Alex: The "f" referring to
f-stop in [*].)

photography

Triple Stumper
    $400 2
The Monkees

Julia
    $1,200 28
(Julia: Who is Don Quixote?)
(Alex: No. Don Quixote rode Rocinante, but [*] is the one who rode the brown donkey.)

Sancho Panza

Julia
    $600 20
root beer

Julia
    $600 15
Gernika

Triple Stumper
    $600 10
the Netherlands

Julia
    $600 23
the Hollywood Ten

Manuel
    $600 3
Kool & the Gang

Manuel
    $800 29
(Manuel: Who is Puck?)

Bottom

ManuelMaggie
    $800 21
bookkeeping

Manuel
    $800 16
Greenpeace

Maggie
    $800 11
the Philippines

Julia
    $800 24
blood types

Manuel
    $800 4
The Black Eyed Peas

Manuel
    $1000 30
(Maggie: Who is Robert Burns?)
...
(Alex: Got the first name right, but it's [*] instead.)

Robert Louis Stevenson

Maggie
Triple Stumper
    $1000 22
(Maggie: What is a Brillo pad?)

steel wool

Maggie
Triple Stumper
    $1000 17
(George) Patton

Maggie
    $1000 12
the Peacock Throne

Julia
    $1000 25
Philip Morris

Manuel
    $1000 5
The Band Perry

Maggie

Scores at the first commercial break (after clue 15):

Julia Manuel Maggie
$3,400 $1,600 $1,600

Scores at the end of the Jeopardy! Round:

Julia Manuel Maggie
$3,800 $4,000 $2,400

Double Jeopardy! Round responses

GOVERNMENT & POLITICS
BIBLICAL NEXT OF KIN
MLB TEAMS EN FRANÇAIS
(Alex: We'll give you the French.)
STATES THAT END IN "IA"
NEWER WORDS & PHRASES
LOS ALAMOS NATIONAL LABRATORY
(Jimmy: From particle accelerators to scanning the surface of Mars, it's at the forefront of scientific discovery.)
    $400 8
the budget

Julia
    $400 6
Esau

Julia
    $400 2
the Red Sox

Julia
    $400 26
(Alex: [*], with a minute to go.)

Virginia

Julia
    $400 14
a slacker

Julia
    $400 21
the speed of light

Julia
    $800 9
mudslinging

Maggie
    $800 7
(Manuel: Oh. Uh, who is Noah?)

Cain

Manuel
Triple Stumper
    $800 3
the Padres

Manuel
    $800 27
Georgia

Julia
    $800 15
ecotourism

Manuel
    $800 22
a laser

Julia
    $1200 10
the Department of Justice

Manuel
    $1200 20
Rachel

Triple Stumper
    $1200 4
(Maggie: Who are the Cavaliers?)

the (Pittsburgh) Pirates

Maggie
Triple Stumper
    $1200 1
California

Manuel
    $1200 17
fatigue

Manuel
    $1200 23
(Maggie: What's the Mars rover?)
(Alex: Be more specific.)
(Maggie: Oh...)
(Alex: What's the name?)
(Maggie: [no response])
(Alex: Oh, that's too bad.)

Curiosity

Maggie
Triple Stumper
    $1600 12
Strom Thurmond

Julia
    $1600 28
Ahab

Triple Stumper
    $1600 11
the (Minnesota) Twins

Julia
    $1600 5
Pennsylvania

Julia
    $3,000 18
the inner child

Manuel
    $1600 24
teslas

Triple Stumper
    $2000 13
(Alex: The [*] clause, yes.)

Commerce

Julia
    $2000 30
Japheth

Triple Stumper
    $2000 25
the Colorado Rockies

Triple Stumper
    $2000 16
(Manuel: What is Texas?)

West Virginia

Manuel
Triple Stumper
    $2000 19
street food

Julia
    $2,300 29
the Yucatán Peninsula

Julia

Scores at the end of the Double Jeopardy! Round:

Julia Manuel Maggie
$18,900 $9,400 $800
(lock game)

[wagering suggestions for these scores]

Final Jeopardy! Round responses

OPERA
(Alex: [To Maggie] Sorry, not Manon Lescaut.)
...
(Alex: [To Julia] Tomorrow, she could tie the record, if she wins, for the second-most victories in regular competition. Join us then, won't you?)
MaggieWhat is Manon?
$0
ManuelWhat is "Madame Butterfly"?
$5,000
JuliaWhat is Madame Butterfly?
$0
Madame Butterfly

Final scores:

Julia Manuel Maggie
$18,900 $14,400 $800
18-day champion: $391,600 2nd place: $2,000 3rd place: $1,000

Game dynamics:

Coryat scores:

Julia Manuel Maggie
$19,800 $8,000 $800
24 R
(including 1 DD),
1 W
(including 1 DD)
13 R
(including 1 DD),
3 W
8 R,
4 W

Combined Coryat: $28,600

[game clues] [game scores] [suggest correction]

Game tape date: 2014-02-11
The J! Archive is created by fans, for fans. Scraping, republication, monetization, and malicious use prohibited; this site may use cookies and collect identifying information. See terms. The Jeopardy! game show and all elements thereof, including but not limited to copyright and trademark thereto, are the property of Jeopardy Productions, Inc. and are protected under law. This website is not affiliated with, sponsored by, or operated by Jeopardy Productions, Inc. Join the discussion at JBoard.tv.